|
|
|
|
| LEADER |
00914nam a2200229 a 4500 |
| 001 |
00024594 |
| 008 |
120314s2006 naua 001 0 eng d |
| 020 |
|
|
|a 9781590596234
|
| 020 |
|
|
|a 1590596234
|
| 040 |
|
|
|a BD-DhAAL
|c BD-DhAAL
|
| 082 |
0 |
4 |
|a 005.3068
|2 22
|
| 100 |
1 |
|
|a Sink,Eric.
|
| 245 |
1 |
0 |
|a Eric Sink on the business of software /
|c Eric Sink
|
| 260 |
|
|
|a Berkeley, CA :
|b Apress ;
|a New York :
|b Distributed to the Book trade worldwide by Springer-Verlag,
|c 2006.
|
| 300 |
|
|
|a viii,301 p. :
|b ill. ;
|c 23 cm.
|
| 504 |
|
|
|a Includes index.
|
| 541 |
1 |
|
|e 0024594
|
| 650 |
|
0 |
|a Computer software industry.
|
| 650 |
|
0 |
|a Computer software industry
|x Management.
|
| 852 |
1 |
|
|a Ayesha Abed Library
|j General shelf
|
| 999 |
|
|
|c 11965
|d 11965
|
| 952 |
|
|
|0 0
|1 0
|4 0
|6 005_306800000000000_SIN
|7 0
|9 19677
|a BRACUL
|b BRACUL
|c GEN
|d 2012-03-14
|e Trim Education
|g 1950.00
|l 1
|m 22
|o 005.3068 SIN
|p 3010024594
|r 2023-12-13
|s 2023-06-12
|t 1
|w 2012-03-15
|y BK
|